| 000 | 00465nam a22001697a 4500 | ||
|---|---|---|---|
| 999 |
_c172636 _d172636 |
||
| 005 | 20200210115550.0 | ||
| 010 | _aA-564426 | ||
| 035 | _aA-564426 | ||
| 037 | _bBPPD/Pub. | ||
| 082 | _a921 | ||
| 100 | _aعبد السلام | ||
| 245 |
_aجواب اور حقیقت / _cعبد السلام |
||
| 246 |
_aJawab Aur Haqiqat (Urdu) / _bby Abdul Salam |
||
| 260 |
_a- _b- _c1990 ء |
||
| 300 |
_a528p. _c21cm(Hb) |
||
| 942 |
_2ddc _cUR _h921 _mع ب د |
||